Το τσίρκο και ο νάνος Γολιάθ

Αποθηκεύτηκε σε:
Λεπτομέρειες βιβλιογραφικής εγγραφής
Κύριος συγγραφέας: Ψαραύτη, Λίτσα, 1936-
Άλλοι συγγραφείς: Ψαράκη, Βάσω Β., 1945- (Εικονογράφος)
Μορφή: Βιβλίο
Γλώσσα:Greek
Δημοσίευση: Αθήνα : Πατάκης, 2000.
Έκδοση:3η εκδ.
Σειρά:Παιδικά βιβλία με πολύχρωμη εικονογράφηση ; 30
Θέματα:
Ετικέτες: Προσθήκη ετικέτας
Δεν υπάρχουν, Καταχωρήστε ετικέτα πρώτοι!

MARC

LEADER 00000cam a2200000 i 4500
001 1/59422
008 020308m19952000gr | ||| |||| ||gre||
020 |a 9603602876 
035 |l 10000499 
040 |a GR-MyUa  |b gre  |c GR-MyUa  |e AACR2 
041 0 |a gre 
082 7 |a 808.0682   |2 (23) 
100 1 |a Ψαραύτη, Λίτσα,   |d 1936- 
245 1 3 |a Το τσίρκο και ο νάνος Γολιάθ /   |c Λίτσα Ψαραύτη ; εικονογράφηση: Βάσω Ψαράκη.  
250 |a 3η εκδ.  
260 |a Αθήνα :   |b Πατάκης,   |c 2000.  
300 |a 42 σ. :   |b εικ. ;   |c 22 εκ.  
490 1 |a (Παιδικά βιβλία με πολύχρωμη εικονογράφηση / Πατάκης   |v ; 30) 
500 |a Το αντίτυπο του Παραρτήματος Βιβλιοθήκης Ρόδου είναι η 1η έκδοση από τις εκδόσεις Πατάκη, Ιανουάριος 1995. 
650 0 0 |a Young adult fiction. 
650 0 0 |a Children's literature. 
650 0 0 |a Young adult literature. 
650 0 |a Young adult fiction, Greek. 
655 7 |a Fairy tales  |2 lcgft 
700 1 |a Ψαράκη, Βάσω Β.,   |d 1945-  |e ill 
830 0 |a Παιδικά βιβλία με πολύχρωμη εικονογράφηση ;  |v  30 
852 |a INST  |b RHODES  |e 20230616  |h 808.0682 ΨΑΡ  |p 005400043637  |q 005400043637  |t BK  |y 0 
852 |a INST  |b SAMOS  |e 20020308  |h 808.0682 ΨΑΡ  |p 005300020342  |q 005300020342  |t BK  |y 0 
901 |a BIBL3-2002-1 
909 |a Σ  |b 087260 
922 |a 3ΕΛΗ  |b 20002  |c ΒΙΒΛΙΟΘΗΚΗ  |d ΚΑΡΑΣΤΑΘΗΣ 
970 |a ΜΑΛΑΓΑΡΗ  |b ΦΩΤΕΙΝΗ  |z 2002/03/08